000
00284nam a2200121Ia 4500
008
191206s9999 xx 000 0 und d
090
_a
PR6013.R35
245
0
_a
Good-bye to all that
250
_a
Abridged ed.
260
_a
Cassell
260
_c
c1966
300
_a
"[5], 186 p. 19 cm."
999
_c
16064
_d
16064